| 000 | 00585nam a2200205 i 4500 | ||
|---|---|---|---|
| 001 | 82761 | ||
| 003 | ES-MaACL | ||
| 005 | 20230906174728.0 | ||
| 007 | t| | ||
| 008 | 041111s1968 sp |||| | spa d | ||
| 110 | 2 |
_aIDO-C. _9170833 |
|
| 245 | 1 | 3 |
_aEl Ido-C _b: ¿una jerarquía paralela?. |
| 260 |
_aMadrid : _bCio, _c1968. |
||
| 300 |
_a56 p. ; _c21 cm. |
||
| 490 | 1 |
_aDocumentos para la historia ; _v3 |
|
| 611 | 2 | 4 |
_aConcilio Vaticano ( _n2º. _d1962-1965) _9122 |
| 830 | 0 |
_aDocumentos para la historia ; _v3 _9183764 |
|
| 852 |
_aES-MaACL _jC-46937 |
||
| 999 |
_c82761 _d82761 |
||